000
00255nam a2200097Ia 4500
008
220204s9999 xx 000 0 und d
082
_a
82-36TIN
_b
ADV
245
0
_a
Adventures of Tintin: Explorers on the moon
260
_a
Belgium
_b
Magnet
_c
1978
942
_c
BK
999
_c
38542
_d
38542